000 00370nam a22001217a 4500
082 _a220 PRO
100 _aZamin Raza Abbas
_972977
245 _aPR-SOF-1883-Clinical Services Medical Record System for Ophthalmology Department
260 _aISLAMABAD
_bNUST COLLEGE OF EME
_c2020
650 _a DE-COMP-38
_972978
700 _aSupervisor Ali Saeed
_970645
942 _cCR
999 _c578901
_d578901